| 000 | 01372nam0a22003011 4500 | ||
|---|---|---|---|
| 001 | v19\rc\1649011 | ||
| 005 | 20250619002517.0 | ||
| 035 | _a(NLR Aleph) 004760693 | ||
| 090 |
_a4581500 _c4581500 |
||
| 100 | _a20061002e18881888|||y0rusy50 ca | ||
| 101 | 0 | _arus | |
| 102 | _aRU | ||
| 105 | _ay i ||||| | ||
| 200 | 1 | _aДоклад члена-секретаря И.С. Иванова об уступке музея при Статистическом комитете | |
| 210 |
_aАстрахань _cтип. Губ. правл. _d1888 |
||
| 215 |
_a12 с. _d17 |
||
| 309 | _aБез тит. л. и обл. | ||
| 311 | _aОтд. отт. из № 93 "Астрах. губ. вед." 1888 г. | ||
| 488 | 0 |
_12001#$aАстраханские губернские ведомости$v1888, № 93 _tАстраханские губернские ведомости |
|
| 532 | 1 | 0 | _aДоклад члена-секретаря Ивана Семеновича Иванова об уступке музея при Статистическом комитете |
| 700 | 1 |
_aИванов _bИ. С. _cчиновник, статистик _f19 в. _gИван Семенович _9229912 _3RU\NLR\AUTH\770229968 |
|
| 801 | 0 |
_aRU _bNLR _gpsbo |
|
| 801 | 0 |
_aRU _bRuMoRGB _2psbo |
|
| 801 | 1 |
_aRU _bProSoft-M _2rusmarc |
|
| 852 |
_aNLR _j18.293.4.20 |
||
| 942 | _cBOOK | ||
| 980 | _aNB | ||